Mujeres en el mundo: historia, retos y movimientos /
| Hlavní autor: | |
|---|---|
| Médium: | Kniha |
| Jazyk: | španělština |
| Vydáno: |
Madrid, España :
Alianza Editorial,
Reimpresión 2005.
|
| Témata: |
MARC
| LEADER | 00000nam a2200000 4500 | ||
|---|---|---|---|
| 008 | 150911b2005 s a|||| |||| 00| | spa d | ||
| 020 | |a 8420642053 | ||
| 090 | |a 14.02.03 |b 2277 | ||
| 100 | 1 | |9 990 |a Nash, Mary | |
| 245 | 1 | 0 | |a Mujeres en el mundo: historia, retos y movimientos / |c Mary Nash |
| 260 | |a Madrid, España : |b Alianza Editorial, |c Reimpresión 2005. | ||
| 300 | |a 333 páginas | ||
| 650 | 1 | 4 | |9 55 |a MUJERES |
| 650 | 1 | 4 | |9 22 |a HISTORIA |
| 650 | 1 | 4 | |9 374 |a MOVIMIENTOS SOCIALES |
| 650 | 1 | 4 | |9 324 |a FEMINISMO |
| 942 | |i 004057 |h 14.02.03 2277 |2 z |c 01 | ||
| 999 | |c 2868 |d 2868 | ||
